Politics Among Nations (Record no. 583)
[ view plain ]
| 000 -LEADER | |
|---|---|
| fixed length control field | 00518nam a2200193Ia 4500 |
| 003 - CONTROL NUMBER IDENTIFIER | |
| control field | 0OSt |
| 005 - DATE AND TIME OF LATEST TRANSACTION | |
| control field | 20260106095656.0 |
| 008 - FIXED-LENGTH DATA ELEMENTS--GENERAL INFORMATION | |
| fixed length control field | 240810s9999 xx 000 0 und d |
| 020 ## - INTERNATIONAL STANDARD BOOK NUMBER | |
| International Standard Book Number | 978-0-07-289539-1 |
| 040 ## - CATALOGING SOURCE | |
| Original cataloging agency | Biblioteca Geral-Universidade Lusíada de Angola |
| Transcribing agency | BULA |
| 082 ## - DEWEY DECIMAL CLASSIFICATION NUMBER | |
| Standard or optional designation | 9(4) |
| Classification number | 327 |
| 100 ## - MAIN ENTRY--PERSONAL NAME | |
| Personal name | HANS J.MORGENTHAU |
| 245 #0 - TITLE STATEMENT | |
| Title | Politics Among Nations |
| 260 ## - PUBLICATION, DISTRIBUTION, ETC. | |
| Place of publication, distribution, etc. | New York , |
| Name of publisher, distributor, etc. | seventh edition |
| Date of publication, distribution, etc. | 2005. |
| 300 ## - PHYSICAL DESCRIPTION | |
| Extent | 703p |
| 650 ## - SUBJECT ADDED ENTRY--TOPICAL TERM | |
| Topical term or geographic name entry element | Politica |
| 700 ## - ADDED ENTRY--PERSONAL NAME | |
| Personal name | Hans J.Morgenthau |
| 942 ## - ADDED ENTRY ELEMENTS (KOHA) | |
| Koha item type | Livros |
| Source of classification or shelving scheme | Dewey Decimal Classification |
| Withdrawn status | Lost status | Source of classification or shelving scheme | Damaged status | Not for loan | Home library | Current library | Date acquired | Inventory number | Total Checkouts | Full call number | Barcode | Date last seen | Price effective from | Koha item type |
|---|---|---|---|---|---|---|---|---|---|---|---|---|---|---|
| Dewey Decimal Classification | Biblioteca Geral- Universidade Lusíada de Angola | Biblioteca Geral- Universidade Lusíada de Angola | 06/01/2026 | 9(4) | 327 | 2026-0004 | 06/01/2026 | 06/01/2026 | Livros | |||||
| Dewey Decimal Classification | Biblioteca Geral- Universidade Lusíada de Angola | Biblioteca Geral- Universidade Lusíada de Angola | 06/01/2026 | 9(4) | 327 | 2026-0005 | 06/01/2026 | 06/01/2026 | Livros | |||||
| Dewey Decimal Classification | Biblioteca Geral- Universidade Lusíada de Angola | Biblioteca Geral- Universidade Lusíada de Angola | 06/01/2026 | 9(4) | 327 | 2026-0006 | 06/01/2026 | 06/01/2026 | Livros | |||||
| Dewey Decimal Classification | Biblioteca Geral- Universidade Lusíada de Angola | Biblioteca Geral- Universidade Lusíada de Angola | 06/01/2026 | 9(4) | 327 | 2026-0007 | 06/01/2026 | 06/01/2026 | Livros |
